[Event "Titled Tuesday intern op 04th Apr Early"]
[Site "Chess.com INT"]
[Date "2023.04.04"]
[Round "2"]
[White "Devaev, Alexander"]
[Black "Latreche, Khadidja"]
[Result "1-0"]
[WhiteElo "2325"]
[BlackElo "1905"]
[PlyCount "49"]
[EventDate "2023.04.04"]
[EventType "swiss (blitz)"]
[EventRounds "11"]
[EventCountry "USA"]
[SourceTitle "EXT 2024"]
[Source "ChessBase"]
[SourceDate "2023.10.10"]
[SourceVersion "1"]
[SourceVersionDate "2023.10.10"]
[SourceQuality "1"]

1. d4 d5 2. c4 e6 3. Nc3 Bb4 4. Nf3 Nf6 5. Qb3 Nc6 6. a3 Bxc3+ 7. Qxc3 Ne4 8. Qc2 0-0 9. g3 f5 10. Bg2 Qf6 11. e3 Bd7 12. b3 g5 13. Bb2 g4 14. Ne5 Rad8 15. 0-0-0 Nxe5 16. dxe5 Qe7 17. cxd5 exd5 18. Rxd5 Bc6 19. Rxd8 Rxd8 20. Rd1 Rxd1+ 21. Kxd1 Nc3+ 22. Qxc3 Bxg2 23. e6 Bf3+ 24. Kc1 c6 25. Qh8# 1-0

[Event "Titled Tuesday intern op 04th Apr Early"]
[Site "Chess.com INT"]
[Date "2023.04.04"]
[Round "1"]
[White "Latreche, Khadidja"]
[Black "Hirneise, Jens"]
[Result "0-1"]
[WhiteElo "1905"]
[BlackElo "2277"]
[PlyCount "86"]
[EventDate "2023.04.04"]
[EventType "swiss (blitz)"]
[EventRounds "11"]
[EventCountry "USA"]
[SourceTitle "EXT 2024"]
[Source "ChessBase"]
[SourceDate "2023.10.10"]
[SourceVersion "1"]
[SourceVersionDate "2023.10.10"]
[SourceQuality "1"]

1. e4 d5 2. exd5 Qxd5 3. Nc3 Qd6 4. d4 Nf6 5. Nf3 a6 6. Ne5 c5 7. Be3 cxd4 8. Qxd4 Qxd4 9. Bxd4 Nfd7 10. 0-0-0 e6 11. Nc4 b5 12. Nb6 Nxb6 13. Bxb6 Nd7 14. Be3 Bb7 15. f3 Rc8 16. a3 Be7 17. Bd3 Nf6 18. Rhe1 0-0 19. Bd4 Rfd8 20. Be5 Nd7 21. Bg3 Nb6 22. Ne4 b4 23. axb4 Bxb4 24. c3 Be7 25. Kb1 a5 26. h4 a4 27. Ng5 h6 28. Nxe6 fxe6 29. Rxe6 Bc5 30. Be5 Bd5 31. Rg6 Bf8 32. Ka1 Nc4 33. Bf5 Nxe5 34. Rg3 Rc6 35. Rxd5 Rxd5 36. Be4 Rd1+ 37. Ka2 Rc4 38. Bc2 Rc1 39. Bf5 Kf7 40. f4 Rxf4 41. Bc8 Rc2 42. Re3 Rxb2+ 43. Kxb2 Nc4+ 0-1

[Event "Titled Tuesday intern op 04th Apr Early"]
[Site "Chess.com INT"]
[Date "2023.04.04"]
[Round "3"]
[White "Latreche, Khadidja"]
[Black "Skaric, Djuro"]
[Result "0-1"]
[WhiteElo "1905"]
[BlackElo "2334"]
[PlyCount "102"]
[EventDate "2023.04.04"]
[EventType "swiss (blitz)"]
[EventRounds "11"]
[EventCountry "USA"]
[SourceTitle "EXT 2024"]
[Source "ChessBase"]
[SourceDate "2023.10.10"]
[SourceVersion "1"]
[SourceVersionDate "2023.10.10"]
[SourceQuality "1"]

1. e4 d6 2. d4 g6 3. f4 Bg7 4. Nf3 Nf6 5. Bd3 Nc6 6. 0-0 Bg4 7. c3 e5 8. d5 Ne7 9. h3 Bd7 10. fxe5 dxe5 11. Nxe5 0-0 12. Nxd7 Nxd7 13. Bg5 f6 14. Bh4 Ne5 15. Bg3 Qd6 16. Nd2 Qb6+ 17. Kh2 Nxd3 18. Nc4 Qc5 19. Qxd3 b5 20. Ne3 Rae8 21. b4 Qb6 22. a4 bxa4 23. Rxa4 Nc8 24. Ra6 Qb7 25. Rc6 Re7 26. Ra1 Rfe8 27. Ng4 Rf7 28. Raa6 f5 29. exf5 Rxf5 30. Rxc7 Qxd5 31. Qxd5+ Rxd5 32. Nf6+ Bxf6 33. Rxf6 Rd2 34. Rf2 Rd3 35. Rff7 Rxc3 36. Rg7+ Kh8 37. Rxh7+ Kg8 38. Rcg7+ Kf8 39. Rf7+ Kg8 40. Bh4 Rc6 41. Rhg7+ Kh8 42. Bf2 Nd6 43. Rxa7 Nf5 44. Rh7+ Kg8 45. Bg3 Rc3 46. Bf4 Rc2 47. Bg5 Ree2 48. Rhc7 Rxg2+ 49. Kh1 Rh2+ 50. Kg1 Rcg2+ 51. Kf1 Ng3+ 0-1

[Event "Titled Tuesday intern op 04th Apr Early"]
[Site "Chess.com INT"]
[Date "2023.04.04"]
[Round "4"]
[White "Rose, Felix"]
[Black "Latreche, Khadidja"]
[Result "1-0"]
[WhiteElo "2091"]
[BlackElo "1905"]
[PlyCount "37"]
[EventDate "2023.04.04"]
[EventType "swiss (blitz)"]
[EventRounds "11"]
[EventCountry "USA"]
[SourceTitle "EXT 2024"]
[Source "ChessBase"]
[SourceDate "2023.10.10"]
[SourceVersion "1"]
[SourceVersionDate "2023.10.10"]
[SourceQuality "1"]

1. e4 c5 2. Nf3 e6 3. d4 cxd4 4. Nxd4 Nc6 5. Nc3 Qc7 6. Be3 a6 7. Qf3 Nxd4 8. Bxd4 e5 9. Qg3 d6 10. Nd5 Qxc2 11. Bd3 Qc6 12. Bb6 Be6 13. Nc7+ Kd7 14. Nxa8 Nf6 15. 0-0 Nxe4 16. Bxe4 Qxe4 17. Rac1 Bc4 18. Rfe1 Qd5 19. Qg4+ 1-0

[Event "Titled Tuesday intern op 7th Mar Early"]
[Site "Chess.com INT"]
[Date "2023.03.07"]
[Round "4"]
[White "Abrosimov, Vladimir"]
[Black "Latreche, Khadidja"]
[Result "1-0"]
[WhiteElo "2341"]
[BlackElo "1902"]
[PlyCount "87"]
[EventDate "2023.03.07"]
[EventType "swiss (blitz)"]
[EventRounds "11"]
[EventCountry "USA"]
[SourceTitle "EXT 2024"]
[Source "ChessBase"]
[SourceDate "2023.10.10"]
[SourceVersion "1"]
[SourceVersionDate "2023.10.10"]
[SourceQuality "1"]

1. c4 c5 2. Nc3 Nc6 3. g3 g6 4. Bg2 Bg7 5. d3 e6 6. e4 Nge7 7. Nge2 0-0 8. Be3 b6 9. 0-0 Bb7 10. f4 Rc8 11. e5 d5 12. cxd5 exd5 13. d4 Nf5 14. Bf2 Na5 15. dxc5 bxc5 16. Nxd5 Nc4 17. Qd3 Nb6 18. Rfd1 Bxd5 19. Bxd5 Kh8 20. Rac1 f6 21. e6 c4 22. Qf3 Ne7 23. Bb7 Qc7 24. Bxc8 Rxc8 25. Nc3 f5 26. Bd4 Bxd4+ 27. Rxd4 Qc5 28. Qf2 Nc6 29. Rd2 Qxf2+ 30. Kxf2 Re8 31. Re1 Nc8 32. Nd5 N8e7 33. Nf6 Rd8 34. Rxd8+ Nxd8 35. Nd7 Kg7 36. Nc5 Kf6 37. Rd1 Ndc6 38. Ke3 Nb4 39. a3 Nbd5+ 40. Kd4 g5 41. Kxc4 gxf4 42. gxf4 Nxf4 43. Rd4 Nxe6 44. Rd6 1-0

[Event "Titled Tuesday intern op 7th Mar Early"]
[Site "Chess.com INT"]
[Date "2023.03.07"]
[Round "3"]
[White "Dwilewicz, Katarzyna"]
[Black "Latreche, Khadidja"]
[Result "1-0"]
[WhiteElo "2114"]
[BlackElo "1902"]
[PlyCount "101"]
[EventDate "2023.03.07"]
[EventType "swiss (blitz)"]
[EventRounds "11"]
[EventCountry "USA"]
[SourceTitle "EXT 2024"]
[Source "ChessBase"]
[SourceDate "2023.10.10"]
[SourceVersion "1"]
[SourceVersionDate "2023.10.10"]
[SourceQuality "1"]

1. e4 c5 2. Nf3 e6 3. g3 Nc6 4. Bg2 g6 5. 0-0 Bg7 6. c3 Nge7 7. d4 cxd4 8. cxd4 d5 9. e5 0-0 10. Nc3 a6 11. Bf4 b5 12. Qd2 Qb6 13. Rac1 Bb7 14. Rfd1 Rac8 15. h4 f6 16. exf6 Bxf6 17. Bg5 Nf5 18. Ne2 Ncxd4 19. Nexd4 Rxc1 20. Rxc1 Nxd4 21. Bxf6 Nxf3+ 22. Bxf3 Rxf6 23. Bg2 Rf7 24. h5 Kg7 25. h6+ Kf6 26. Qf4+ Ke7 27. Rc7+ Qxc7 28. Qxc7+ Kf6 29. Qf4+ Ke7 30. Qe5 Bc6 31. Kf1 Rf5 32. Qh8 Rf7 33. Ke1 Kd6 34. f4 Kc5 35. Qg7 Be8 36. Qc3+ Kb6 37. Kd2 a5 38. Qd4+ Ka6 39. Qe5 Bd7 40. Qd6+ Kb7 41. a3 Kc8 42. Qc5+ Kb8 43. Qb6+ Kc8 44. Qxa5 e5 45. Qc3+ Kb7 46. Bxd5+ Kb6 47. Bxf7 exf4 48. Qd4+ Ka5 49. b4+ Ka4 50. Qc3 fxg3 51. Qb3# 1-0

[Event "Speed Chess (Women) Q1"]
[Site "Chess.com INT"]
[Date "2022.05.25"]
[Round "1"]
[White "Latreche, Khadidja"]
[Black "Khamdamova, Afruza"]
[Result "1-0"]
[WhiteElo "1902"]
[BlackElo "1874"]
[PlyCount "45"]
[EventDate "2022.05.24"]
[EventType "swiss (blitz)"]
[EventRounds "14"]
[EventCountry "USA"]
[SourceTitle "CBM 208 Extra"]
[Source "ChessBase"]
[SourceDate "2022.07.31"]
[SourceVersion "1"]
[SourceVersionDate "2022.07.31"]
[SourceQuality "1"]

1. e4 e5 2. Nf3 Nf6 3. Nxe5 d6 4. Nf3 Nxe4 5. Qe2 Qe7 6. d3 Nf6 7. Bg5 Be6 8. Nc3 Nc6 9. h3 h6 10. Bh4 g5 11. Bg3 0-0-0 12. 0-0-0 Bg7 13. d4 g4 14. Nh4 gxh3 15. d5 Bg4 16. f3 hxg2 17. Bxg2 Nxd5 18. Rxd5 Bxc3 19. Qxe7 Nxe7 20. Rd3 Bxb2+ 21. Kxb2 Bf5 22. Nxf5 Nxf5 23. Bh3 1-0

[Event "Speed Chess (Women) Q1"]
[Site "Chess.com INT"]
[Date "2022.05.25"]
[Round "12"]
[White "Latreche, Khadidja"]
[Black "Thomas, Anysia"]
[Result "1/2-1/2"]
[WhiteElo "1902"]
[BlackElo "2126"]
[PlyCount "127"]
[EventDate "2022.05.24"]
[EventType "swiss (blitz)"]
[EventRounds "14"]
[EventCountry "USA"]
[SourceTitle "CBM 208 Extra"]
[Source "ChessBase"]
[SourceDate "2022.07.31"]
[SourceVersion "1"]
[SourceVersionDate "2022.07.31"]
[SourceQuality "1"]

1. e4 c5 2. Nf3 g6 3. d4 cxd4 4. Nxd4 Nc6 5. Be3 Bg7 6. c4 Nf6 7. Nc3 Nxd4 8. Bxd4 d6 9. Be2 0-0 10. 0-0 Qa5 11. f3 Be6 12. Rc1 Rfc8 13. b3 a6 14. Qd2 b5 15. cxb5 axb5 16. Rfd1 Bd7 17. Rc2 b4 18. Nb1 Rxc2 19. Qxc2 Qxa2 20. Qxa2 Rxa2 21. Bc4 Nh5 22. Be3 Bc6 23. g4 Nf6 24. Bd2 Ra1 25. Bxb4 Nxe4 26. fxe4 Bxe4 27. Nc3 Bxc3 28. Rxa1 Bxa1 29. Bd2 Bd4+ 30. Kf1 Kg7 31. Ke2 Bb7 32. b4 e5 33. Kd3 f5 34. gxf5 gxf5 35. b5 Kf6 36. Bb4 Bb6 37. Bxd6 e4+ 38. Ke2 f4 39. Bxf4 Kf5 40. Be3 Bc7 41. b6 Bxh2 42. Bb5 Bb8 43. Bd7+ Ke5 44. Kf2 h5 45. Kg3 Kf6+ 46. Kh4 Kg6 47. Be8+ Kf6 48. Bxh5 Kf5 49. Bg4+ Ke5 50. Kg5 Kd5 51. Kf5 Bc8+ 52. Kg5 Bb7 53. Bf5 Bh2 54. Kf6 Bb8 55. Ke7 Bc6 56. Kd8 Bh2 57. Kc8 Ke5 58. b7 Kxf5 59. b8Q Bxb8 60. Kxb8 Bb5 61. Kc7 Kg4 62. Kd6 Kf3 63. Bc5 e3 64. Bxe3 1/2-1/2

[Event "Titled Tuesday intern op 09th Mar"]
[Site "Chess.com INT"]
[Date "2021.03.09"]
[Round "7"]
[White "Latreche, Khadidja"]
[Black "Zavivaeva, Emilia"]
[Result "0-1"]
[WhiteElo "1900"]
[BlackElo "1826"]
[PlyCount "94"]
[EventDate "2021.03.09"]
[EventType "swiss (blitz)"]
[EventRounds "11"]
[EventCountry "USA"]
[SourceTitle "CBM 201 Extra"]
[Source "ChessBase"]
[SourceDate "2021.05.31"]
[SourceVersion "1"]
[SourceVersionDate "2021.05.31"]
[SourceQuality "1"]

1. e4 c5 2. Nf3 Nc6 3. d4 cxd4 4. Nxd4 Nf6 5. f3 e5 6. Nb3 d6 7. c4 Be7 8. Nc3 0-0 9. Be3 Be6 10. Be2 a6 11. 0-0 Nh5 12. g3 f5 13. exf5 Bxf5 14. g4 Bg5 15. Bf2 Nf4 16. gxf5 Bh4 17. Bg3 Qg5 18. Ne4 Qh6 19. Kh1 Rxf5 20. Qxd6 Qh5 21. Bxf4 Rxf4 22. Qe6+ Kh8 23. Rg1 Rxe4 24. fxe4 Qxe2 25. Qg4 Qxg4 26. Rxg4 Bf6 27. Rd1 Nd4 28. Nxd4 exd4 29. Kg2 Rc8 30. b3 b5 31. cxb5 axb5 32. Rd2 Rc3 33. Rg3 Rc1 34. Rgd3 Kg8 35. Kf3 Be5 36. Kg4 Rf1 37. Rf3 Rg1+ 38. Kf5 Bf6 39. e5 Rg5+ 40. Ke6 Rxe5+ 41. Kd6 Re1 42. Rc2 Kf7 43. Rc7+ Kg6 44. Rg3+ Kf5 45. Rc5+ Re5 46. Rd3 Ke4 47. Rd1 Be7+ 0-1

[Event "Titled Tuesday intern op 25th Aug"]
[Site "Chess.com INT"]
[Date "2020.08.25"]
[Round "7"]
[White "Gedgafov, Chamal"]
[Black "Latreche, Khadidja"]
[Result "1-0"]
[WhiteElo "2154"]
[BlackElo "1900"]
[PlyCount "69"]
[EventDate "2020.08.25"]
[EventType "swiss (blitz)"]
[EventRounds "10"]
[EventCountry "USA"]
[SourceTitle "CBM 198 Extra"]
[Source "ChessBase"]
[SourceDate "2020.11.30"]
[SourceVersion "1"]
[SourceVersionDate "2020.11.30"]
[SourceQuality "1"]

1. d4 d5 2. c4 c6 3. Nc3 Bf5 4. cxd5 cxd5 5. Qb3 e6 6. Qxb7 Nd7 7. Nf3 Ne7 8. e3 Rb8 9. Qxa7 Nc6 10. Qa4 Nb4 11. e4 dxe4 12. Ne5 Bd6 13. Nc6 Nxc6 14. Qxc6 Rb6 15. Qa4 0-0 16. Be2 Bb4 17. 0-0 Qc7 18. Bd2 Ra8 19. Qd1 Bd6 20. h3 Rxb2 21. f3 e3 22. Be1 Bc2 23. Qc1 Ba3 24. Qxe3 Bb4 25. Ne4 Bxe1 26. Rfxe1 Raxa2 27. Bf1 Nb6 28. Rxa2 Rxa2 29. Ng5 Nd5 30. Qe5 Qxe5 31. dxe5 h6 32. Ne4 Bxe4 33. Rxe4 Nc3 34. Rc4 Ne2+ 35. Kh2 1-0

[Event "Titled Tuesday intern op 25th Aug"]
[Site "Chess.com INT"]
[Date "2020.08.25"]
[Round "8"]
[White "Latreche, Khadidja"]
[Black "Kalinina, Larisa"]
[Result "1-0"]
[WhiteElo "1900"]
[BlackElo "2131"]
[PlyCount "57"]
[EventDate "2020.08.25"]
[EventType "swiss (blitz)"]
[EventRounds "10"]
[EventCountry "USA"]
[SourceTitle "CBM 198 Extra"]
[Source "ChessBase"]
[SourceDate "2020.11.30"]
[SourceVersion "1"]
[SourceVersionDate "2020.11.30"]
[SourceQuality "1"]

1. e4 c5 2. Nf3 Nc6 3. d4 cxd4 4. Nxd4 Nf6 5. f3 d6 6. c4 e6 7. Nc3 Be7 8. Be3 0-0 9. Be2 a6 10. 0-0 Qc7 11. Rc1 Nxd4 12. Bxd4 Bd7 13. Qe1 Bc6 14. g4 Kh8 15. Qg3 Nd7 16. h4 Bf6 17. Be3 Be5 18. f4 Bxc3 19. Rxc3 Bxe4 20. f5 Ne5 21. Bf4 exf5 22. c5 f6 23. gxf5 dxc5 24. Rd1 Bxf5 25. b4 b6 26. Rdc1 Qa7 27. Bxe5 fxe5 28. Qxe5 Rae8 29. Qh2 1-0

[Event "Titled Tuesday intern op 18th Aug"]
[Site "Chess.com INT"]
[Date "2020.08.18"]
[Round "5"]
[White "Latreche, Khadidja"]
[Black "Turincio Garcia, Sergio"]
[Result "0-1"]
[WhiteElo "1900"]
[BlackElo "2155"]
[PlyCount "70"]
[EventDate "2020.08.18"]
[EventType "swiss (blitz)"]
[EventRounds "10"]
[EventCountry "USA"]
[SourceTitle "CBM 197 Extra"]
[Source "ChessBase"]
[SourceDate "2020.09.30"]
[SourceVersion "1"]
[SourceVersionDate "2020.09.30"]
[SourceQuality "1"]

1. e4 c6 2. d4 d5 3. e5 Bf5 4. h4 h5 5. Bg5 Qb6 6. Bd3 Qxb2 7. Bxf5 Qxa1 8. c3 e6 9. Qb3 Nd7 10. Bd3 a5 11. Bc1 a4 12. Qc2 a3 13. Nf3 c5 14. Bb5 Ne7 15. Nfd2 c4 16. 0-0 Nc6 17. Bxc4 dxc4 18. Nxc4 Nxd4 19. cxd4 Qxd4 20. Be3 Qxh4 21. Rd1 Rd8 22. Nb6 Nxb6 23. Bxb6 Rxd1+ 24. Qxd1 Be7 25. Nc3 0-0 26. Ne2 Qg4 27. Qc2 h4 28. f3 Qg6 29. Qb3 h3 30. g4 Rc8 31. Nf4 Qc2 32. Qxc2 Rxc2 33. Nd3 Rxa2 34. Nc5 Rb2 35. Nd7 a2 0-1

[Event "Titled Tuesday intern op 11th Aug"]
[Site "Chess.com INT"]
[Date "2020.08.11"]
[Round "5"]
[White "Latreche, Khadidja"]
[Black "Ashiev, Eduard"]
[Result "0-1"]
[WhiteElo "1900"]
[BlackElo "2202"]
[PlyCount "40"]
[EventDate "2020.08.11"]
[EventType "swiss (blitz)"]
[EventRounds "10"]
[EventCountry "USA"]
[SourceTitle "CBM 197 Extra"]
[Source "ChessBase"]
[SourceDate "2020.09.30"]
[SourceVersion "1"]
[SourceVersionDate "2020.09.30"]
[SourceQuality "1"]

1. e4 e5 2. Nf3 Nc6 3. d4 exd4 4. Nxd4 Bb4+ 5. c3 Be7 6. Bc4 Nf6 7. Nxc6 bxc6 8. e5 Nd5 9. Bxd5 cxd5 10. Qxd5 Rb8 11. 0-0 Rb6 12. Nd2 Bb7 13. Qd3 Rg6 14. f3 Bc5+ 15. Kh1 Qg5 16. Qe2 Rh6 17. h3 Qg3 18. Ne4 Rxh3+ 19. gxh3 Qxh3+ 20. Qh2 Qxf1+ 0-1

[Event "Titled Tuesday intern op 4th Aug 10am"]
[Site "Chess.com INT"]
[Date "2020.08.04"]
[Round "7"]
[White "Berdychevskaya, Natasha"]
[Black "Latreche, Khadidja"]
[Result "1/2-1/2"]
[WhiteElo "2208"]
[BlackElo "1900"]
[PlyCount "73"]
[EventDate "2020.08.04"]
[EventType "swiss (blitz)"]
[EventRounds "10"]
[EventCountry "USA"]
[SourceTitle "CBM 197 Extra"]
[Source "ChessBase"]
[SourceDate "2020.09.30"]
[SourceVersion "1"]
[SourceVersionDate "2020.09.30"]
[SourceQuality "1"]

1. e4 c5 2. Nf3 Nc6 3. d4 cxd4 4. Nxd4 g6 5. Nc3 Bg7 6. Nb3 Nf6 7. Be2 0-0 8. 0-0 d6 9. Re1 a5 10. a4 Be6 11. Bf1 Nb4 12. Bg5 Rc8 13. Qd2 h6 14. Bh4 g5 15. Bg3 Nh5 16. Rad1 Nxg3 17. hxg3 Qb6 18. Bd3 Nxd3 19. Qxd3 Bxb3 20. cxb3 Qxb3 21. Nd5 Qxd3 22. Nxe7+ Kh7 23. Rxd3 Rc2 24. Rxd6 Rxb2 25. Nf5 Rc8 26. Rd7 Rcc2 27. Rxf7 Rxf2 28. Rxg7+ Kh8 29. Rc7 Rxg2+ 30. Kh1 Rh2+ 31. Kg1 Rbg2+ 32. Kf1 Rf2+ 33. Kg1 Rhg2+ 34. Kh1 Rh2+ 35. Kg1 Rfg2+ 36. Kf1 Rf2+ 37. Kg1 1/2-1/2

[Event "Titled Tuesday intern op 4th Aug 10am"]
[Site "Chess.com INT"]
[Date "2020.08.04"]
[Round "8"]
[White "Latreche, Khadidja"]
[Black "Ogloblin, Nikolay"]
[Result "0-1"]
[WhiteElo "1900"]
[BlackElo "2346"]
[PlyCount "130"]
[EventDate "2020.08.04"]
[EventType "swiss (blitz)"]
[EventRounds "10"]
[EventCountry "USA"]
[SourceTitle "CBM 197 Extra"]
[Source "ChessBase"]
[SourceDate "2020.09.30"]
[SourceVersion "1"]
[SourceVersionDate "2020.09.30"]
[SourceQuality "1"]

1. e4 c6 2. d4 d5 3. e5 Bf5 4. h4 h6 5. c4 e6 6. Ne2 Ne7 7. Ng3 Bh7 8. Nc3 Nf5 9. Nxf5 Bxf5 10. Bd3 Bxd3 11. Qxd3 dxc4 12. Qxc4 Nd7 13. Be3 Nb6 14. Qb3 Rb8 15. 0-0-0 Nd5 16. Ne4 Qb6 17. Qxb6 axb6 18. a3 Kd7 19. Bd2 Be7 20. h5 Rbf8 21. f4 f5 22. Nc3 Rfg8 23. Nxd5 cxd5 24. g3 g6 25. hxg6 Rxg6 26. Rh3 Rhg8 27. Be1 Rc8+ 28. Kb1 Bf8 29. Rc1 Rc6 30. b4 b5 31. Rxc6 bxc6 32. Bf2 Rg8 33. Kc2 Bg7 34. Kb3 Ra8 35. Rh1 Bf8 36. Rh3 Ra6 37. Rh1 Ke8 38. Rh3 Kf7 39. Rh5 Kg6 40. Rh1 h5 41. Rh4 Be7 42. Rh2 Ra8 43. Rh1 Ra6 44. Rh2 Ra8 45. Rh1 h4 46. gxh4 Kh5 47. Rg1 Rh8 48. Rg7 Bxh4 49. Bxh4 Kxh4 50. Rg6 Re8 51. a4 bxa4+ 52. Kxa4 Kh5 53. Rf6 Kg4 54. Ka5 Kxf4 55. Kb6 Ke4 56. Kxc6 Kxd4 57. b5 Kxe5 58. Rf7 d4 59. b6 d3 60. b7 Ke4 61. Rd7 Rb8 62. Kc7 Rxb7+ 63. Kxb7 f4 64. Kc6 f3 65. Kc5 f2 0-1

[Event "Titled Tuesday intern op 21st July"]
[Site "Chess.com INT"]
[Date "2020.07.21"]
[Round "3"]
[White "Latreche, Khadidja"]
[Black "Albuquerque, Wellington S Jr"]
[Result "0-1"]
[WhiteElo "1900"]
[BlackElo "2209"]
[PlyCount "104"]
[EventDate "2020.07.21"]
[EventType "swiss (blitz)"]
[EventRounds "10"]
[EventCountry "USA"]
[SourceTitle "CBM 197 Extra"]
[Source "ChessBase"]
[SourceDate "2020.09.30"]
[SourceVersion "1"]
[SourceVersionDate "2020.09.30"]
[SourceQuality "1"]

1. e4 c5 2. Nf3 Nc6 3. d4 cxd4 4. Nxd4 Nf6 5. f3 d6 6. c4 e5 7. Nb3 a5 8. Be3 a4 9. N3d2 Be7 10. Nc3 a3 11. b3 0-0 12. Be2 Nh5 13. g3 Bg5 14. Bf2 Nd4 15. f4 Nxe2 16. Qxe2 exf4 17. Qxh5 Qf6 18. Rc1 fxg3 19. hxg3 Bxd2+ 20. Kxd2 Qxf2+ 21. Ne2 h6 22. Rcf1 Qc5 23. Qxc5 dxc5 24. Nf4 Re8 25. Re1 Bg4 26. Rhf1 Rad8+ 27. Nd5 Be6 28. Kc3 Kh7 29. Nf4 Rd4 30. Nd5 Rd8 31. b4 Bxd5 32. exd5 Rg4 33. Re3 cxb4+ 34. Kxb4 Rc8 35. Rc3 b6 36. Rxf7 Rc5 37. d6 Rc6 38. d7 Rd4 39. Kb5 Rcd6 40. c5 bxc5 41. Rxc5 Rxd7 42. Rxd7 Rxd7 43. Rc3 Ra7 44. Kb4 h5 45. Rxa3 Rxa3 46. Kxa3 g5 47. Kb4 h4 48. gxh4 gxh4 49. a4 h3 50. a5 h2 51. a6 h1Q 52. a7 Qa8 0-1